000 00771nam a22002297a 4500
005 20251108174552.0
008 250721s9999 xx 000 0 ara d
082 1 4 _aط/372.241/عمر
100 1 _aعمرو، محمد جمال
_eمؤلف
245 1 0 _aزها تحب القراءة /
264 1 _aعمان :
_bالسادة مركز زها الثقافي للأطفال - إهداء،
_c[200-].
300 _a2 ص .مص.
490 0 _aألعاب زها
_v1
650 1 7 _aالتعليم
650 1 7 _aالاطفال
650 1 7 _aرياض الاطفال
653 _aالعاب تعليميه
653 _aاطفال مرحله متوسطه ( 6 - 9 سنوات )
700 1 _aالكباريتي، رلشد
_eرسام
942 _2ddc
_cBK
999 _c112475
_d112475